[Event "Idaho Closed"]
[Site "Twin Falls, ID"]
[Date "2009.02.15"]
[Round "3.4"]
[White "Abderhalden, Katherine Louise"]
[Black "Weathers, Rickey D"]
[Result "1/2-1/2"]
[WhiteElo "1543"]
[BlackElo "1389"]

1. d4 d5 2. Bf4 Nf6 3. e3 g6 4. c4 Bg7 5. Nc3 O-O 6. Nf3 c6 7. Bd3 Na6 8. O-O
Bg4 9. Re1 Nc7 10. cxd5 Ncxd5 11. Nxd5 cxd5 12. Rc1 a6 13. Be2 Ne4 14. Ne5 Bf5
15. Qb3 Bxe5 16. Bxe5 b5 17. f3 Nd2 18. Qb4 Nc4 19. Bf4 f6 20. Bxc4 dxc4 21.
b3 Bd3 22. Qc3 g5 23. Bg3 Rc8 24. e4 a5 25. a3 Qb6 26. b4 axb4 27. Qxb4 Qxd4+
28. Bf2 Qd7 29. Red1 Rfe8 30. Qc3 e5 31. h3 Re6 32. Rxd3 Rd6 33. Rxd6 Qxd6 34.
Qb4 Qxb4 35. axb4 Ra8 36. g3 Ra3 37. Kg2 Ra2 38. Kg1 {#d} 1/2-1/2

[Event "Idaho Closed"]
[Site "Twin Falls, ID"]
[Date "2009.02.16"]
[Round "5.8"]
[White "Kircher, Caleb Paul"]
[Black "Weathers, Rickey D"]
[Result "1-0"]
[WhiteElo "1505"]
[BlackElo "1389"]

1. f4 e6 2. Nf3 Nf6 3. b3 Nc6 4. Bb2 Bc5 5. e3 O-O 6. a3 a5 7. d4 Bd6 8. Bd3
b6 9. Qe2 Bb7 10. O-O Re8 11. Nbd2 Ne7 12. Ne5 c5 13. g4 cxd4 14. exd4 h6 15.
g5 hxg5 16. fxg5 Bxe5 17. dxe5 Nfd5 18. Qh5 g6 19. Qh6 Ne3 20. Rf4 N3f5 21.
Rxf5 gxf5 22. Re1 Ng6 23. Re3 Nf4 24. Rg3 Re7 25. Bxf5 Ng6 26. Bxg6 fxg6 27.
Qxg6+ Rg7 28. Qh5 Qc7 29. Rc3 Qd8 30. h4 Qe7 31. Nc4 Rc8 32. g6 b5 33. Nd6
Rxc3 34. Bxc3 Qd8 35. Bd4 Bc8 36. Nf7 Qe8 37. Qh8# 1-0

[Event "Idaho Open (Reserve)"]
[Site "Pocatello, ID"]
[Date "2009.04.04"]
[Round "3.1"]
[White "Patterson, Kevin R"]
[Black "Weathers, Rickey D"]
[Result "0-1"]
[WhiteElo "1035"]
[BlackElo "1364"]

1. e4 e5 2. d4 Nf6 3. Nc3 Bb4 4. Bg5 h6 5. dxe5 hxg5 6. exf6 Qxf6 7. Qf3 Bxc3+
8. Qxc3 Qxc3+ 9. bxc3 Nc6 10. g3 d6 11. Bc4 Bd7 12. Rb1 b6 13. Bd5 f6 14. Nf3
O-O-O 15. O-O Rde8 16. Nd4 Ne5 17. f3 c6 18. Bb3 c5 19. Nf5 Bxf5 20. exf5 c4
21. f4 cxb3 22. fxe5 bxa2 23. Ra1 dxe5 24. Rxa2 Kb7 25. Rd1 Rd8 26. Rda1 Ra8
27. Ra3 Rhd8 28. c4 Rdc8 29. Rc3 Rc5 30. Rc1 a5 31. Rd1 a4 32. Rd7+ Rc7 33.
Rxc7+ Kxc7 34. Ra3 Kc6 35. Kf2 Kc5 36. Ke2 Kxc4 37. Kd2 b5 38. c3 Rh8 39. Ke3
Rxh2 {#R} 0-1

[Event "Idaho Open (Reserve)"]
[Site "Pocatello, ID"]
[Date "2009.04.05"]
[Round "4.1"]
[White "Weathers, Rickey D"]
[Black "Nielsen, Josh Michael"]
[Result "1-0"]
[WhiteElo "1364"]
[BlackElo "922"]

1. d4 d5 2. e3 Nc6 3. Bd3 g6 4. Nf3 Bg4 5. h3 Bxf3 6. Qxf3 Nh6 7. Nc3 e5 8.
Nxd5 Bg7 9. c3 f5 10. e4 f4 11. Bb5 Qd7 12. dxe5 O-O-O 13. Bxf4 Rhf8 14. O-O-O
Bxe5 15. Nb6+ cxb6 16. Rxd7 Bxf4+ 17. Kb1 Rxd7 18. a3 Bd6 19. Qe2 Kb8 20. Rd1
Rfd8 21. f4 Bc5 22. Rxd7 Rxd7 23. Bxc6 bxc6 24. b4 Be7 25. Qc4 c5 26. b5 Rd8
27. Kc2 Ng8 28. e5 Nh6 29. g4 Bh4 30. e6 Ng8 31. g5 Ne7 32. Qe4 Bg3 33. Qe5+
Kc8 34. Qg7 Nf5 35. Qxa7 Bxf4 36. Qa8+ Bb8 37. a4 Ne3+ 38. Kb3 c4+ 39. Kb4 Rd5
40. Qc6+ Bc7 41. e7 Nc2+ 42. Kxc4 Rc5+ 43. Qxc5 bxc5 44. e8=Q+ Bd8 45. Kxc5
Kc7 46. b6+ Kc8 47. Kc6 Nb4+ 48. cxb4 h5 49. Qd7+ Kb8 50. Qb7# 1-0

[Event "Idaho Open (Reserve)"]
[Site "Pocatello, ID"]
[Date "2009.04.05"]
[Round "5.1"]
[White "Weathers, Rickey D"]
[Black "Patterson, Katie Rae"]
[Result "1-0"]
[WhiteElo "1364"]
[BlackElo "587"]

1. d4 d5 2. e3 Nf6 3. Bd3 Nc6 4. c3 g6 5. h3 Bg7 6. f4 O-O 7. Nf3 b6 8. Ne5
Nxe5 9. fxe5 Nh5 10. g4 Ng3 11. Rg1 Ne4 12. Nd2 Nxd2 13. Bxd2 e6 14. Qf3 f6
15. exf6 Rxf6 16. Qg3 Rf7 17. O-O-O Bf6 18. g5 Bxg5 19. Qxg5 Qxg5 20. Rxg5 Bb7
21. Bxg6 hxg6 22. Rxg6+ Kh8 23. Rxe6 Raf8 24. Rh6+ Kg8 25. Rg1+ Rg7 26. Rxg7+
Kxg7 27. Rh4 Rf1+ 28. Kc2 Rh1 29. Rg4+ Kf6 30. h4 Bc8 31. Rf4+ Kg6 32. b4 Bf5+
33. Kb2 Be4 34. Ka3 Kh5 35. Ka4 Ra1 36. Ka3 a5 37. bxa5 bxa5 38. c4 Rd1 39.
Bxa5 c6 40. Kb4 Bd3 41. cxd5 cxd5 42. Kc5 Rf1 43. Rxf1 Bxf1 44. Kxd5 Kxh4 45.
Ke5 Kg5 46. d5 Bb5 47. Ke6 Kg6 48. d6 Kg7 49. d7 Bc4+ 50. Ke7 Bxa2 51. d8=Q
Kg6 52. Qf8 Kg5 53. Qf6+ Kh5 54. Qg7 Kh4 55. Bc7 Kh3 56. Qg3# 1-0

[Event "WRW Swiss"]
[Site "Hailey, ID"]
[Date "2009.10.10"]
[Round "2.5"]
[White "Finch, Douglas W"]
[Black "Weathers, Rickey D"]
[Result "1-0"]
[WhiteElo "1223"]
[BlackElo "1386"]

1. d4 d5 2. Nf3 Bf5 3. Bf4 e6 4. e3 a6 5. c4 c6 6. Nc3 Bb4 7. Bd3 Bxc3+ 8.
bxc3 Qa5 9. Qc2 Ne7 10. O-O Bg4 11. Ne5 Bh5 12. cxd5 Nxd5 13. Nc4 Qd8 14. Nd6+
Kf8 15. Nxb7 Qd7 16. Nc5 Qe7 17. Bg3 Nf6 18. Rab1 Nbd7 19. Rb7 Qe8 20. Nxd7+
Nxd7 21. Rfb1 f6 22. Qa4 Kg8 23. Qxc6 Nf8 24. Qc7 Bf7 25. Bd6 Rc8 26. Qxc8
Qxc8 27. Rb8 Qe8 28. Rxe8 Bxe8 29. Bxa6 Kf7 30. c4 Bc6 31. Bb5 Bxb5 32. Rxb5
Nd7 33. Rb7 Rd8 34. c5 Ke8 35. a4 e5 36. a5 Ra8 37. Bc7 Ra6 38. g3 exd4 39.
exd4 Nf8 40. Bb6 Nd7 41. Ra7 Rxa7 42. Bxa7 Kd8 43. Bb6+ Nxb6 44. axb6 Kc8 45.
Kg2 Kb7 46. Kf3 {#r} 1-0

[Event "WRW Swiss"]
[Site "Hailey, ID"]
[Date "2009.10.11"]
[Round "3.6"]
[White "Weathers, Rickey D"]
[Black "Bruess, Shane Anthony"]
[Result "1-0"]
[WhiteElo "1386"]
[BlackElo "863"]

1. d4 Nc6 2. e3 e5 3. d5 Nce7 4. Nc3 d6 5. Nf3 f6 6. e4 f5 7. Bd3 f4 8. O-O
Ng6 9. Re1 Nh4 10. h3 Nxf3+ 11. Qxf3 Qg5 12. Nb5 Kd8 13. Bd2 a6 14. Nc3 Nh6
15. Ne2 Ng4 16. Nxf4 exf4 17. Bxf4 Qg6 18. e5 Rg8 19. Bxg6 hxg6 20. hxg4 Be7
21. e6 g5 22. Bd2 c6 23. Ba5+ Ke8 24. Qf7# 1-0

[Event "WRW Swiss"]
[Site "Hailey, ID"]
[Date "2009.10.11"]
[Round "4.5"]
[White "Weathers, Rickey D"]
[Black "Bruck, Nick Jon"]
[Result "1-0"]
[WhiteElo "1386"]
[BlackElo "1154"]

1. d4 d5 2. e3 Nc6 3. Bd3 g6 4. f4 Nh6 5. Nf3 Bf5 6. O-O Bxd3 7. Qxd3 e6 8. a3
Bg7 9. b4 O-O 10. Bd2 a6 11. Nc3 f6 12. Ne2 Ng4 13. h3 Nh6 14. Rac1 e5 15.
fxe5 fxe5 16. dxe5 Nxe5 17. Nxe5 Bxe5 18. Rxf8+ Kxf8 19. e4 dxe4 20. Bxh6+ Bg7
21. Rf1+ Kg8 22. Qc4+ Kh8 23. Bxg7+ Kxg7 24. Qf7+ Kh6 25. Qf4+ Kg7 26. Qxe4
Qd2 27. Qd4+ Qxd4+ 28. Nxd4 h5 29. c4 Kh6 30. c5 b6 31. c6 Rd8 32. Ne6 Rd6 33.
Nxc7 Rxc6 34. Nxa6 b5 35. Nc5 Rd6 36. Ra1 Kg5 37. a4 bxa4 38. Ne4+ Kf5 39.
Nxd6+ Ke6 40. Nb5 Kd7 41. Rc1 g5 42. Na3 g4 43. hxg4 hxg4 44. Kh2 g3+ 45. Kxg3
Kd6 46. Rc5 Kd7 47. Kf4 Kd6 48. Kf5 Ke7 49. Rd5 Ke8 50. Kf6 Kf8 51. Rd8# 1-0

[Event "SIO"]
[Site "Twin Falls, ID"]
[Date "2009.11.14"]
[Round "2.7"]
[White "Weathers, Rickey D"]
[Black "Myers, Hugh S"]
[Result "1-0"]
[WhiteElo "1385"]
[BlackElo "1585"]

1. d4 f5 2. Nc3 Nf6 3. Nf3 e6 4. g3 Be7 5. Bg2 O-O 6. O-O d5 7. Ne5 Nbd7 8.
Bf4 Nxe5 9. Bxe5 Nd7 10. Bf4 g5 11. Bd2 c6 12. a3 Qe8 13. Qc1 Qg6 14. e3 h5
15. Ne2 Kg7 16. f4 g4 17. c4 h4 18. Rf2 hxg3 19. hxg3 Rh8 20. Kf1 Nf6 21. Ke1
Bd7 22. c5 Rh2 23. Nc3 Rah8 24. Bf1 Qh5 25. Ke2 Rxf2+ 26. Kxf2 Qh2+ 27. Bg2
Rh3 28. Qg1 Qxg3+ 29. Kf1 Rh7 30. Be1 Qh2 31. Qxh2 Rxh2 32. Bg3 Rh7 33. Ke2
Nh5 34. Be1 Kg6 35. Kd2 Nf6 36. Bg3 Nh5 37. Bf2 g3 38. Be1 Bh4 39. Ne2 Rg7 40.
Bf3 Kh6 41. Kd3 Be8 42. Bd2 g2 43. Rg1 Bf2 44. Rxg2 Rxg2 45. Bxg2 Nf6 46. Nc3
Bh5 47. Bf1 Bg4 48. Kc2 Kh5 49. Nd1 Bg1 50. Nc3 Bf3 51. Be2 Kg4 52. Bxf3+ Kxf3
53. Kd3 Ne4 54. Ne2 Bf2 55. Bc1 Nf6 56. Nc3 Ng4 57. Nd1 Bg1 58. Bd2 b6 59. b4
Nf6 60. cxb6 axb6 61. a4 Ne8 62. Nc3 Nd6 63. a5 bxa5 64. bxa5 Nc8 65. Na4 {#r}
1-0

[Event "SIO"]
[Site "Twin Falls, ID"]
[Date "2009.11.15"]
[Round "3.3"]
[White "Weathers, Rickey D"]
[Black "Bartell, Fred"]
[Result "1-0"]
[WhiteElo "1385"]
[BlackElo "1718"]

1. d4 d5 2. e3 Nf6 3. Bd3 b6 4. c3 Nbd7 5. f4 c5 6. Nf3 e6 7. Ne5 Bb7 8. Qf3
g6 9. Nd2 a5 10. b3 Ba6 11. c4 cxd4 12. exd4 Bb4 13. O-O Bc3 14. Rb1 Bxd4+ 15.
Kh1 Bxe5 16. fxe5 Nxe5 17. Qxf6 Qxf6 18. Rxf6 Nxd3 19. Ba3 Nb4 20. Bxb4 axb4
21. cxd5 Ke7 22. Rf4 Bd3 23. Rb2 Rhc8 24. Kg1 exd5 25. Rxb4 b5 26. Rd4 Rc2 27.
Rxc2 Bxc2 28. Rxd5 Rxa2 29. Rxb5 h5 30. Rb7+ Ke6 31. b4 Bd3 32. Rb6+ Kf5 33.
Nf3 Rb2 34. Nd4+ Kg4 35. Nf3 Re2 36. Rb7 f6 37. Rb6 Rb2 38. Rxf6 Rxb4 39. Ne5+
Kg5 40. Nxd3 Rd4 41. Rf3 h4 42. Kf2 Ra4 43. Nc1 Ra1 44. Ne2 Ra2 45. Re3 Ra5
46. Nd4 Ra2+ 47. Re2 Ra4 48. Nf3+ Kf5 49. Re5+ Kf4 50. g3+ hxg3+ 51. hxg3+ Kg4
52. Rg5+ Kh3 53. Ng1+ Kh2 54. Rxg6 Ra2+ 55. Ne2 Kh3 56. g4 Kh4 57. Kf3 Ra4 58.
Rh6+ Kg5 59. Rh5+ Kf6 60. Ng3 Kg6 61. Ne4 Rc4 62. Kf4 Rc6 63. Rd5 Rc4 64. Rd6+
Kg7 65. g5 Kf7 66. Kf5 Rc7 67. Nf6 Rc5+ 68. Nd5 Kg7 69. Rd7+ Kf8 70. g6 Kg8
71. Kf6 Rc6+ 72. Ke5 Ra6 73. Nf6+ Kf8 74. g7# 1-0

[Event "Idaho Closed"]
[Site "Boise, ID"]
[Date "2010.02.13"]
[Round "2.6"]
[White "Baggett, Jeff M"]
[Black "Weathers, Rickey D"]
[Result "0-1"]
[WhiteElo "1801"]
[BlackElo "1500"]

1. e4 e5 2. Bc4 Nf6 3. d3 Bc5 4. h3 Nc6 5. c3 a6 6. Bb3 O-O 7. Ne2 Na5 8. Bc2
Nc6 9. b4 Ba7 10. Bg5 h6 11. Bh4 d6 12. O-O Be6 13. a4 b5 14. Kh1 g5 15. Bg3
Qd7 16. Ng1 h5 17. Na3 Ne7 18. Qd2 Nh7 19. d4 f6 20. d5 Bf7 21. axb5 axb5 22.
Bd3 Rfb8 23. Nc2 c5 24. Ne3 c4 25. Be2 Bg6 26. Bf3 Kg7 27. Ne2 Rh8 28. Bh2
Bxe3 29. Qxe3 Rxa1 30. Rxa1 Nc8 31. Ng3 g4 32. hxg4 hxg4 33. Be2 Ng5 34. f4
gxf3 35. gxf3 Rxh2+ 36. Kxh2 Qh3+ 37. Kg1 Qxg3+ 38. Kf1 Nxe4 39. Ra8 Bf5 40.
Ra7+ Nxa7 41. Qxa7+ Kg6 42. Bxc4 Qxf3+ 43. Ke1 Qxc3+ 44. Kf1 Qxc4+ {#R} 0-1

[Event "Idaho Closed"]
[Site "Boise, ID"]
[Date "2010.02.14"]
[Round "3.4"]
[White "Weathers, Rickey D"]
[Black "Evers, Jason"]
[Result "0-1"]
[WhiteElo "1500"]
[BlackElo "1887"]

1. d4 Nf6 2. e3 g6 3. c4 Bg7 4. Nc3 O-O 5. Nf3 d6 6. Bd3 Nc6 7. a3 Bg4 8. h3
Bd7 9. O-O Qc8 10. Re1 e5 11. d5 Ne7 12. e4 Ne8 13. Bg5 f6 14. Bh4 g5 15. Nxg5
fxg5 16. Bxg5 Ng6 17. Re3 h6 18. Qh5 Nf4 19. Bxf4 exf4 20. Rf3 Qd8 21. Re1 Qg5
22. Qxg5 hxg5 23. Be2 a6 24. Nd1 Nf6 25. Nc3 Rae8 26. Bd3 Nh7 27. Nd1 g4 28.
hxg4 Bxg4 29. Be2 Bxf3 30. Bxf3 Ng5 31. Bh5 Rxe4 32. Rxe4 Nxe4 33. f3 Bd4+ 34.
Kf1 Ng3+ {#R} 0-1

[Event "Idaho Closed"]
[Site "Boise, ID"]
[Date "2010.02.15"]
[Round "6.9"]
[White "Stark, Jim"]
[Black "Weathers, Rickey D"]
[Result "1-0"]
[WhiteElo "1563"]
[BlackElo "1500"]

1. d4 Nf6 2. c4 g6 3. Nc3 Bg7 4. e4 d6 5. Nf3 Bg4 6. Be2 O-O 7. h3 Bxf3 8.
Bxf3 c6 9. O-O Nbd7 10. Re1 e5 11. d5 c5 12. Rb1 Nb6 13. Qd3 h6 14. Be3 a6 15.
b4 Nfd7 16. bxc5 dxc5 17. a4 Qc7 18. Rb3 Nc8 19. Be2 Nd6 20. Qd2 g5 21. h4 f6
22. Bd3 Rf7 23. Qe2 Nf8 24. h5 Nd7 25. Reb1 Raf8 26. g4 Rb8 27. Qc2 Bf8 28.
Ne2 Be7 29. Ng3 Bd8 30. Nf5 Nxf5 31. exf5 b6 32. Be4 Qd6 33. f3 a5 34. Rd3 Rb7
35. Bd2 Nb8 36. Rdb3 Ra7 37. R3b2 Na6 38. Kg2 Ra8 39. Qb3 Rfa7 40. Qb5 Kf7 41.
Qc6 Qxc6 42. dxc6 Rb8 43. Bc3 Bc7 44. Rd1 Rd8 45. Rbd2 Rxd2+ 46. Rxd2 Nb8 47.
Bd5+ Ke7 48. Re2 Bd6 49. Bd2 Rc7 50. f4 Nxc6 51. fxg5 fxg5 52. Bc3 Kf6 53. Rb2
Nb4 54. Be4 Rd7 55. Rd2 Rd8 56. Bd5 Bc7 57. Kf3 Nxd5 58. Rxd5 Rxd5 59. cxd5
Bd6 60. Ke4 c4 61. Bb2 Kf7 62. Bc3 Bb4 63. Bxe5 c3 64. Kd3 Ke7 65. Bxc3 Bxc3
66. Kxc3 Kd7 67. Kc4 Kc7 68. Kb5 {#r} 1-0

[Event "WIO (Open)"]
[Site "Boise, ID"]
[Date "2010.12.11"]
[Round "1.7"]
[White "Weathers, Rickey D"]
[Black "Douglas, Kurt P"]
[Result "0-1"]
[WhiteElo "1510"]
[BlackElo "1693"]

1. e4 c5 2. Nf3 d6 3. Bc4 e6 4. O-O $2 Nf6 5. Re1 Nc6 6. d4 cxd4 7. Nxd4 Be7
8. c3 O-O $2 9. Qf3 Ne5 10. Qe2 Qc7 11. Bb3 Bd7 12. f4 Nc6 13. Nd2 a6 14. N2f3
h6 15. Qf2 d5 16. exd5 exd5 17. Bc2 Bc5 18. Be3 Ng4 19. Qd2 Rae8 20. g3 Nxe3
21. Rxe3 Bg4 22. Qd3 g6 23. Kg2 Bxf3+ 24. Kxf3 Bxd4 25. Rxe8 Rxe8 26. cxd4 Nb4
27. Qc3 Qxc3+ 28. bxc3 Nxc2 29. Kg2 Nxa1 {#R} 0-1

[Event "WIO (Open)"]
[Site "Boise, ID"]
[Date "2010.12.11"]
[Round "2.8"]
[White "Abderhalden, Katherine Louise"]
[Black "Weathers, Rickey D"]
[Result "1-0"]
[WhiteElo "1731"]
[BlackElo "1510"]

1. d4 d5 2. Bf4 Nf6 3. Nf3 g6 4. e3 Bg7 5. c4 O-O 6. Nc3 Nc6 7. Bd3 Nb4 8. Be2
Bf5 9. Rc1 c6 10. a3 Na6 11. O-O Nc7 12. Bg5 Ne6 13. Bh4 Qc7 14. Bg3 Qd7 15.
Nh4 Ng5 16. Nxf5 Qxf5 17. Bd3 Nfe4 18. Qc2 Qe6 19. Bf4 Bh6 20. h4 Nh3+ 21.
gxh3 Qxh3 22. Nxe4 dxe4 23. Bxe4 Bxf4 24. exf4 f5 25. Bg2 Qxh4 26. Qd2 Qg4 27.
Rc3 Rad8 28. Rg3 Qh4 29. Qe3 Qf6 30. d5 cxd5 31. Bxd5+ Kg7 32. Bxb7 Rd7 33.
Bd5 Qxb2 34. Qe6 Rfd8 35. Qxf5 Qf6 36. Qe4 Rf8 37. f5 g5 38. Kh2 h5 39. Rxg5+
Qxg5 40. Rg1 Qxg1+ 41. Kxg1 Rf6 42. Be6 Rd1+ 43. Kg2 Rd6 44. c5 Ra6 45. c6
Rxa3 46. c7 Rf8 47. c8=Q Rxc8 48. Bxc8 {#r} 1-0

[Event "WIO (Open)"]
[Site "Boise, ID"]
[Date "2010.12.12"]
[Round "5.7"]
[White "Stark, Jim"]
[Black "Weathers, Rickey D"]
[Result "1-0"]
[WhiteElo "1611"]
[BlackElo "1510"]

1. d4 d5 2. c4 e6 3. Nf3 Nf6 4. Nc3 Bb4 5. a3 Bxc3+ 6. bxc3 dxc4 7. e3 b5 8.
a4 Bd7 9. Ne5 c6 10. axb5 cxb5 11. Qf3 O-O 12. Qxa8 a6 13. Nxd7 Qxd7 14. Qf3
Nd5 15. e4 Ne7 16. Be2 Qc6 17. Ba3 Re8 18. O-O Ng6 19. g3 Nd7 20. e5 Qxf3 21.
Bxf3 a5 22. Bc6 Rd8 23. Bxb5 Nb6 24. Bc5 Nd5 25. Rfc1 f5 26. exf6 Nxf6 27.
Bxc4 Nd5 28. Rxa5 h6 29. Ra3 Kh7 30. Re1 Nc7 31. Bb6 Rd7 32. Bxc7 Rxc7 33.
Bxe6 Re7 34. d5 h5 35. Re3 Kh6 36. d6 Re8 37. c4 Nf8 38. Bf7 Rc8 39. Rac3 g6
40. Re8 Rxe8 41. Bxe8 Ne6 42. d7 Kg7 43. Rf3 Nd8 44. c5 Kh6 45. Rc3 Nc6 46.
Rb3 Nd8 47. Rb6 Kg7 48. c6 {#r} 1-0

[Event "Idaho Closed"]
[Site "Boise, ID"]
[Date "2012.02.19"]
[Round "3.5"]
[White "Stark, Jim"]
[Black "Weathers, Rickey D"]
[Result "1-0"]
[WhiteElo "1655"]
[BlackElo "1486"]

1. d4 d5 2. c4 c6 3. Nc3 Nf6 4. Nf3 Bg4 5. e3 e6 6. h3 Bh5 7. cxd5 Nxd5 8. e4
Nf6 9. a3 Bxf3 10. gxf3 Be7 11. Be3 O-O 12. Rg1 Re8 13. Bh6 g6 14. h4 Nbd7 15.
Qd2 e5 16. Rd1 exd4 17. Qxd4 Bc5 18. Qd2 Ne5 19. Be2 Qxd2+ 20. Rxd2 Rad8 21.
Rg2 Rxd2 22. Bxd2 Kg7 23. f4 Ned7 24. e5 Ng8 25. Ne4 f5 26. Ng3 Ne7 27. Bc3
Kf8 28. b4 Bb6 29. Bd2 Bc7 30. h5 b5 31. Bd1 Nb6 32. hxg6 hxg6 33. Ne2 Nc4 34.
Bc1 a5 35. Bb3 axb4 36. axb4 Nb6 37. Nd4 Rc8 38. Rh2 Nbd5 39. Bxd5 cxd5 40.
Rh8+ Ng8 41. Ne6+ Kf7 42. Nxc7 Rxc7 43. Rh7+ {#r} 1-0

[Event "Idaho Closed"]
[Site "Boise, ID"]
[Date "2012.02.19"]
[Round "4.9"]
[White "Weathers, Rickey D"]
[Black "Bruck, Nick Jon"]
[Result "1-0"]
[WhiteElo "1486"]
[BlackElo "1340"]

1. d4 d5 2. e3 e6 3. Bd3 Nf6 4. Nd2 c5 5. c3 c4 6. Bc2 g6 7. f4 Bg7 8. Ngf3
O-O 9. Ne5 Nbd7 10. O-O Nxe5 11. fxe5 Nh5 12. Nf3 f6 13. g4 fxe5 14. gxh5 e4
15. hxg6 exf3 16. gxh7+ Kh8 17. Rxf3 Rxf3 18. Qxf3 Qg5+ 19. Qg3 Qxg3+ 20. hxg3
e5 21. Bg6 Be6 22. Bd2 e4 23. Rf1 Rd8 24. Bf5 Bxf5 25. Rxf5 Kxh7 26. Rf7 Rb8
27. Rd7 Kg6 28. Rxd5 b6 29. Kg2 Bf6 30. Be1 Rd8 31. Rxd8 Bxd8 32. Kh3 Bg5 33.
Bf2 Kf5 34. Bg1 a5 35. g4+ Ke6 36. Kg3 b5 37. Kf2 Bh4+ 38. Ke2 Kf6 39. Bf2 Bg5
40. Bg3 Ke6 41. Bf4 Be7 42. g5 Kf5 43. Kf2 b4 44. Kg3 bxc3 45. bxc3 Bb4 46.
Kf2 Bxc3 47. Ke2 Bb4 48. Kd1 Be7 49. Kc2 Bxg5 50. Bxg5 Kxg5 51. Kc3 Kg4 52. d5
Kf3 53. d6 Kxe3 54. d7 Kf2 55. d8=Q e3 56. Kxc4 e2 57. Qxa5 e1=Q 58. Qxe1+
{#r} 1-0

[Event "Idaho Closed"]
[Site "Boise, ID"]
[Date "2012.02.20"]
[Round "5.6"]
[White "Puderbaugh, Kory"]
[Black "Weathers, Rickey D"]
[Result "1-0"]
[WhiteElo "785"]
[BlackElo "1486"]

1. d4 d5 2. c4 c6 3. Nc3 Nf6 4. e3 Bf5 5. Nf3 e6 6. Be2 Be7 7. O-O O-O 8. Bd2
Ne4 9. Nxe4 Bxe4 10. Qb3 Qc7 11. Rac1 Nd7 12. Bb4 Bxb4 13. Qxb4 a5 14. Qb3
dxc4 15. Bxc4 Bxf3 16. gxf3 Qb6 17. Qxb6 Nxb6 18. Bd3 Nd5 19. a3 Rac8 20. Rc2
b5 21. e4 Nf4 22. Rd1 Rfd8 23. Bf1 e5 24. Rcd2 exd4 25. Rxd4 Rxd4 26. Rxd4 Ne6
27. Rd2 Rd8 28. Rxd8+ Nxd8 29. Bd3 Kf8 30. Kf1 Ke7 31. b4 axb4 32. axb4 Ke6
33. f4 h6 34. h4 f6 35. h5 Kd6 36. Ke2 Ne6 37. Ke3 Nc7 38. Kd4 Ne6+ 39. Ke3
Kc7 40. f5 Nf8 41. f4 Kb6 42. Kd4 Nd7 43. e5 fxe5+ 44. fxe5 c5+ 45. bxc5+ Nxc5
46. Bxb5 Kxb5 47. Kd5 Nd7 48. Kd6 Nf8 49. Ke7 Nh7 50. Kf7 {#r} 1-0

[Event "Idaho Closed"]
[Site "Boise, ID"]
[Date "2012.02.20"]
[Round "6.8"]
[White "Weathers, Rickey D"]
[Black "Douglas, Kurt P"]
[Result "0-1"]
[WhiteElo "1486"]
[BlackElo "1763"]

1. e4 c5 2. Nf3 d6 3. Bc4 e6 4. Nc3 Nf6 5. O-O Nc6 6. a3 a6 7. d3 Be7 8. Re1
O-O 9. h3 b5 10. Bb3 Bb7 11. Bg5 h6 12. Bh4 Rc8 13. e5 dxe5 14. Nxe5 Nxe5 15.
Rxe5 Bd6 16. Re2 g5 17. Bg3 Bxg3 18. fxg3 Qd6 19. Qe1 Nh5 20. Kh2 Rce8 21. Ne4
Bxe4 22. Rxe4 Nf6 23. Re3 Nd5 24. Bxd5 Qxd5 25. Re5 Qd6 26. Qe3 Qd4 27. c3
Qxe3 28. Rxe3 Rd8 29. b4 Rd5 30. g4 Rfd8 31. Rd1 c4 32. d4 e5 33. Rc1 exd4 34.
cxd4 Rxd4 35. Kg3 Rd3 36. Kf2 Rxe3 37. Kxe3 Rd3+ 38. Ke4 Rxa3 39. Kd4 Ra2 40.
g3 Ra3 41. Rc3 Rxc3 42. Kxc3 Kf8 43. h4 Ke7 {#R} 0-1